<?xml version="1.0" encoding="UTF-8"?>
<record
    xmlns:xsi="http://www.w3.org/2001/XMLSchema-instance"
    xsi:schemaLocation="http://www.loc.gov/MARC21/slim http://www.loc.gov/standards/marcxml/schema/MARC21slim.xsd"
    xmlns="http://www.loc.gov/MARC21/slim">

  <leader>01724nab a2200253uuc4500</leader>
  <controlfield tag="001">1538255</controlfield>
  <controlfield tag="005">20240217091203.0</controlfield>
  <controlfield tag="008">191115e20190401                    spa  </controlfield>
  <datafield tag="035" ind1=" " ind2=" ">
    <subfield code="a">1538255</subfield>
  </datafield>
  <datafield tag="040" ind1=" " ind2=" ">
    <subfield code="c">comduadb</subfield>
  </datafield>
  <datafield tag="041" ind1=" " ind2=" ">
    <subfield code="a">spa</subfield>
  </datafield>
  <datafield tag="100" ind1="1" ind2="0">
    <subfield code="a">Balc&#xE1;zar Valencia, Carlos Mario</subfield>
    <subfield code="4">aut</subfield>
    <subfield code="e">aut</subfield>
    <subfield code="9">793409</subfield>
  </datafield>
  <datafield tag="245" ind1="1" ind2="0">
    <subfield code="a">Perforaci&#xF3;n del yeyuno por enfermedad diverticular: una condici&#xF3;n a considerar en ancianos</subfield>
  </datafield>
  <datafield tag="520" ind1="3" ind2=" ">
    <subfield code="a">La enfermedad diverticular constituye la principal afecci&#xF3;n intestinal despu&#xE9;s de los 40 a&#xF1;os; tiene gran relevancia por sus amplias manifestaciones, que llevan a consultas frecuentes en todos los servicios de urgencias y corresponden al hallazgo m&#xE1;s usual en los procedimientos endosc&#xF3;picos electivos. Por su parte, la diverticulosis del intestino delgado tiene una prevalencia que oscila entre 2 % y 5 %. Las presentaciones cl&#xED;nicas como sangrado, obstrucci&#xF3;n, dolor abdominal, perforaci&#xF3;n, formaci&#xF3;n de abscesos y f&#xED;stulas suelen ser m&#xE1;s floridas cuando afectan el colon. Se presenta el caso de un paciente anciano quien consult&#xF3; a urgencias con abdomen agudo secundario a peritonitis generalizada por perforaci&#xF3;n intestinal debida a enfermedad diverticular del yeyuno.</subfield>
  </datafield>
  <datafield tag="650" ind1=" " ind2=" ">
    <subfield code="a">Diverticulo</subfield>
    <subfield code="9">164929</subfield>
  </datafield>
  <datafield tag="650" ind1=" " ind2=" ">
    <subfield code="a">Enfermedades del yeyuno</subfield>
    <subfield code="9">230637</subfield>
  </datafield>
  <datafield tag="650" ind1=" " ind2="7">
    <subfield code="a">Ancianos</subfield>
    <subfield code="2">embne</subfield>
    <subfield code="9">38711</subfield>
  </datafield>
  <datafield tag="650" ind1=" " ind2=" ">
    <subfield code="a">Geriatr&#xED;a</subfield>
    <subfield code="9">5732</subfield>
  </datafield>
  <datafield tag="700" ind1="1" ind2="0">
    <subfield code="a">Ayola Ram&#xED;rez, Beatriz Carolina</subfield>
    <subfield code="4">aut</subfield>
    <subfield code="e">aut</subfield>
    <subfield code="9">788297</subfield>
  </datafield>
  <datafield tag="700" ind1="1" ind2="0">
    <subfield code="a">Ocampo Chaparro, Jos&#xE9; Mauricio</subfield>
    <subfield code="4">aut</subfield>
    <subfield code="e">aut</subfield>
    <subfield code="9">548783</subfield>
  </datafield>
  <datafield tag="700" ind1="1" ind2="0">
    <subfield code="a">Bejarano Castro, M&#xF3;nica</subfield>
    <subfield code="4">aut</subfield>
    <subfield code="e">aut</subfield>
    <subfield code="9">421265</subfield>
  </datafield>
  <datafield tag="773" ind1="0" ind2=" ">
    <subfield code="t">Revista Colombiana de Gastroenterolog&#xED;a (Bogot&#xE1;)</subfield>
    <subfield code="g">Volumen 34, N&#xFA;mero 02, Abril-Junio de 2019, 202-206</subfield>
    <subfield code="w">432618</subfield>
    <subfield code="x">0120-9957</subfield>
    <subfield code="0">120143</subfield>
  </datafield>
  <datafield tag="942" ind1=" " ind2=" ">
    <subfield code="c">ARIMP</subfield>
  </datafield>
  <datafield tag="999" ind1=" " ind2=" ">
    <subfield code="c">804635</subfield>
    <subfield code="d">804635</subfield>
  </datafield>
</record>
